عرض عادي
عرض مارك
- لامبرت، جوان،
مدخل إسم شخص
001 - رقم الضبط
- حقل الضبط: 3230
003 - معرف رقم الضبط
- حقل الضبط: OSt
005 - تاريخ ووقت أخر عملية
- حقل الضبط: 20110825150145.0
008 - عناصر بيانات ثابتة الطول
- حقل تحكم ثابت الطول: 110825|||a|||||| | ||| d
040 ## - مصدر الفهرسة
- هيئة الفهرسة الأصلية: OSt
- وكالة الكتابة: OSt
100 ## - مدخل -- أسم شخص
- إسم شخص: لامبرت، جوان،
- مصطلح الرابط: م. مشارك.
670 ## - بيانات المصدر موجوده
- الاستشهاد بالمصدر: Work cat.: (OSt): كوكس، جويس. 3186, Microsoft word 2010 خطوة خطوة /, 2010.
